00881nam a2200205 a 450000100100000000500170001000800410002704000250006810000270009324501220012026000350024230000360027749000500031350400730036370000290043670000300046583000570049595201060055299900170065800004329020201002040807.0140304s1962 fr ac 000 0 spa d aDO-SdBNPbspacBNPHU1 aGinestier, Paul97091610aCulture et Civilisation Francaises /cPaul Ginestier, André Maillet ; conseiller pédagogique Andrée Alvernhe /. aParis :bMarcel Didier,c1962. a506 p. :bil., lám. ;c22 cm.1 aDe la Langue a la Civilisation Françaisev4 aIncluye referencias bibliográficas y notas al pie de las páginas12aMaillet, André,97091712aAlvernhe, Andrée970918 0aDe la Langue a la Civilisation Françaisev4970919 0010507-18MOaGRbGRcOId2014-03-04iLF1l0o p43290-10r2020-06-25w2020-06-25y1ZNo se presta c42779d42779